|
|
|
|
| LEADER |
00000cam a2200000 a 4500 |
| 001 |
vtls010286744 |
| 003 |
SK-MaSNL |
| 005 |
20260301031841.0 |
| 008 |
180216s2011 xo dla f n 101 0 eng |
| 015 |
|
|
|a SNBA2012/01-00347
|
| 020 |
|
|
|a 9788022735032
|q (brožované)
|
| 035 |
|
|
|a 201FFC3F-DFF3-47D4-B327-341F90848939
|
| 035 |
|
|
|a urn:nbn:sk:snk-amyg6e
|
| 035 |
|
|
|a urn:nbn:sk:snk-am00cl6h
|
| 040 |
|
|
|a SNK
|b slo
|c SNK
|e AACR2
|
| 041 |
0 |
|
|a eng
|
| 044 |
|
|
|a xo
|c SK
|
| 072 |
|
7 |
|a 66
|x Chemický priemysel. Chemická technológia
|2 konspekt
|
| 080 |
|
|
|a 66.0
|2 2011
|
| 080 |
|
|
|a (062.534)
|2 2011
|
| 080 |
|
|
|a (048.3)
|2 2011
|
| 111 |
2 |
|
|a International Conference of Slovak Society of Chemical Engineering
|n (38. :
|d 2011 :
|c Tatranské Matliare, Slovakia)
|9 328065
|
| 245 |
1 |
0 |
|a 38th International Conference of Slovak Society of Chemical Engineering
|b proceedings : hotel Hutník - Tatranské Matliare, Slovakia, May 23-27, 2011
|c editor: J. Markoš
|
| 246 |
3 |
|
|a Thirty eighth International Conference of Slovak Society of Chemical Engineering
|
| 260 |
|
|
|a Bratislava
|b Slovenská technická univerzita
|c 2011
|
| 300 |
|
|
|a xxvii, 333 s.
|b grafy, ilustr., sch.
|c 22 cm
|e 1 CD-ROM
|
| 500 |
|
|
|a Anglický text
|
| 504 |
|
|
|a Bibliogr. odkazy ; reg.
|
| 650 |
0 |
7 |
|a chemické inžinierstvo
|2 SNKPH
|9 66908
|
| 650 |
0 |
7 |
|a Chemical engineering
|2 SNKPHeng
|9 266373
|
| 655 |
|
7 |
|a zborníky konferencií
|2 SNKPH
|9 70153
|
| 655 |
|
7 |
|a abstrakty
|2 SNKPH
|9 22516
|
| 655 |
|
7 |
|a Proceedings of conferences
|2 SNKPHeng
|9 265791
|
| 655 |
|
7 |
|a Abstracts
|2 SNKPHeng
|9 275616
|
| 700 |
1 |
|
|a Markoš, Jozef,
|d 1957-
|4 edt
|9 212325
|
| 852 |
|
|
|a Štátna vedecká knižnica v Banskej Bystrici
|
| 919 |
|
|
|a 978-80-227-3503-2
|
| 958 |
|
|
|a SK
|
| 958 |
|
|
|a NB
|
| 958 |
|
|
|a OND
|
| 999 |
|
|
|c 577420
|d 579350
|
| 952 |
|
|
|a SNK
|b SNK
|y PREZ
|7 0
|p 17A0720344
|o snkSC 139334
|i snk2011/20818
|8 0
|3 Príloha: 1 CD-ROM
|0 0
|1 0
|4 0
|d 2011-10-07
|l 0
|r 2017-06-30 00:00:00
|w 2026-02-23
|
| 952 |
|
|
|a SNK
|b SNK
|y PREZ
|7 0
|p 17A0720345
|o snkSC 139334/príl.
|i snk2011/20818
|8 0
|3 Príloha: 1 CD-ROM
|z Príloha
|0 0
|1 0
|4 0
|d 2011-10-07
|l 0
|r 2017-06-30 00:00:00
|w 2026-02-23
|
| 952 |
|
|
|a SNK
|b SNK
|y VYP
|7 0
|p 17A0720350
|o snkSC 139334 D1
|i snk2011/20819
|8 0
|3 Príloha: 1 CD-ROM
|0 0
|1 0
|4 0
|d 2011-10-07
|f 1
|l 0
|r 2026-02-23 14:38:11
|w 2026-02-23
|
| 952 |
|
|
|a SNK
|b SNK
|y PREZ
|7 0
|p 17A0720346
|o snkSC 139334/príl. D1
|i snk2011/20819
|8 0
|3 Príloha: 1 CD-ROM
|z Príloha
|0 0
|1 0
|4 0
|d 2011-10-07
|f 1
|l 0
|r 2026-02-23 14:38:11
|w 2026-02-23
|